Tacones lejanos Ψηλά τακούνια

Η Μπέκι Ντελ Παράμο, διάσημη τραγουδίστρια του '60, επιστρέφει στη Μαδρίτη μετά από πολύχρονη απουσία. Προτίμησε μια διεθνή καριέρα από την κόρη της, Ρεβέκα, που δεν έχει δει εδώ και δεκαπέντε χρόνια. Κι όμως, η Ρεβέκα ήταν αυτή που έβγαλε απ' τη μέση το σύζυγο της μητέρας της, όταν εκείνο...

Πλήρης περιγραφή

Αποθηκεύτηκε σε:
Λεπτομέρειες βιβλιογραφικής εγγραφής
Άλλοι συγγραφείς: Almodóvar, Pedro (Σεναριογράφος, Διευθυντής), Abril, Victoria (Ηθοποιός), Paredes, Marisa, 1946- (Ηθοποιός)
Μορφή: Διαφάνειες
Γλώσσα:Spanish
Greek
Δημοσίευση: [Χ. τ. : χ. ό., 1991]
Σειρά:Ταινιοθήκη του Σινεμά
Θέματα:
Ετικέτες: Προσθήκη ετικέτας
Δεν υπάρχουν, Καταχωρήστε ετικέτα πρώτοι!

MARC

LEADER 00000cgm a2200000 a 4500
001 1/118680
008 190515s1991####gr ||| | || ||spa||
040 |a GR-MyUa  |b gre  |c GR-MyUa  |e AACR2 
041 1 |a spa  |j gre 
082 7 |a 791.437   |2 (23) 
245 0 0 |a Tacones lejanos   |h [μαγνητοσκόπηση] =   |b Ψηλά τακούνια /   |c σενάριο, σκηνοθεσία: Πέντρο Αλμοντοβάρ. 
246 1 |i Παράλληλος τίτλος:   |a Ψηλά τακούνια 
260 |a [Χ. τ. :   |b χ. ό.,   |c 1991] 
300 |a 1 βιντεοκασέτα (112 λεπτά) :   |b ομίλ., έγχρ. ;   |c 1/2 ίν. 
490 1 |a (Η ταινιοθήκη του Σινεμά) 
500 |a Κυκλοφόρησε πρώτη φορά ως κινηματογραφική ταινία το 1991. 
508 |a Φωτογραφία, Αλφρέντο Μάγιο ; μουσική, Ρουίτσι Σακαμότο. 
511 0 |a Βικτόρια Αμπρίλ, Μαρίζα Παρέδες, Μιγκέλ Μποζέ. 
520 8 |a Η Μπέκι Ντελ Παράμο, διάσημη τραγουδίστρια του '60, επιστρέφει στη Μαδρίτη μετά από πολύχρονη απουσία. Προτίμησε μια διεθνή καριέρα από την κόρη της, Ρεβέκα, που δεν έχει δει εδώ και δεκαπέντε χρόνια. Κι όμως, η Ρεβέκα ήταν αυτή που έβγαλε απ' τη μέση το σύζυγο της μητέρας της, όταν εκείνος ήθελε να της διακόψει την καριέρα. Στο μεταξύ, η Ρεβέκα έχει γίνει παρουσιάστρια των ειδήσεων και έχει παντρευτεί τον ιδιοκτήτη του καναλιού, Μανουέλ. Η επανασύνδεση μάνας και κόρης γίνεται ακόμα πιο δύσκολη, όταν η Μπέκι συναντάει το γαμπρό της και διαπιστώνει ότι πρόκειται για έναν παλιό εραστή. 
546 |a Στα ισπανικά με υπότιτλους στα ελληνικά. 
650 0 |a Mothers and daughters  |v Drama. 
655 7 |a Feature films  |2 lcgft 
700 1 |a Almodóvar, Pedro,  |e aus  |e drt 
700 1 |a Abril, Victoria,  |e act 
700 1 |a Paredes, Marisa,   |d 1946-  |e act 
830 0 |a Ταινιοθήκη του Σινεμά 
852 |a INST  |b SYROS  |c AV  |e 20190515  |h 791.437 ALM  |p 005500013648  |q 005500013648  |t VC  |y 23 
970 |a Κοντού  |b Παρασκευή  |z 15/05/2019